| 000 | 00930cab a2200277 4500 | ||
|---|---|---|---|
| 001 | ABS59975 | ||
| 008 | 090401t1999 xxu||||| |||| 00| 0 eng d | ||
| 035 | _a(Sirsi) u90735 | ||
| 041 | _aeng | ||
| 100 | _aMansfield, J. | ||
| 245 | 3 | _aAn attractive proposition | |
| 260 | _c1999 | ||
| 350 | _a0 | ||
| 490 |
_aInside Housing _v16(2) 15 January 1999, 18-19(2) |
||
| 520 | _aAnalyses the potential for expansion in the private rented sector and looks at schemes aimed at providing finance for residential investment, such as the Association of Residential Letting Agents` buy to let scheme. | ||
| 650 | _aARLA | ||
| 650 | _aBUY-TO-LET | ||
| 650 | _aHOUSING MARKET | ||
| 650 | _aINSTITUTIONAL INVESTORS | ||
| 650 | _aPRIVATE RENTED SECTOR | ||
| 650 | _aPROPERTY PORTFOLIOS | ||
| 650 | _aRENTED HOUSING | ||
| 690 | _aPROPERTY-RESIDENTIAL PROPERTY-RESIDENTIAL PROPERTY MARKET | ||
| 942 | _n0 | ||
| 948 | _c15/01/1999 | ||
| 999 |
_c57537 _d57537 |
||